Word Scramble- Asia - Statistics

General Stats
  • This quiz has been taken 16 times
  • The average score is 12 of 24
Answer Stats
Hint Answer % Correct
Enurib Brunei
100%
Sola Laos
100%
Yokot Tokyo | Kyoto
100%
Watuki Kuwait
81%
Cacem Mecca
81%
Temavin Vietnam
81%
Nodinaise Indonesia
75%
Dhantali Thailand
75%
Aniho Hanoi
69%
Limnaa Manila
69%
Aasaridaibu Saudi Arabia
56%
Hihangsa Shanghai
56%
Inksalar Sri Lanka
44%
Jaamthal Taj Mahal
38%
Whendiel New Delhi
31%
Munjoutfi Mount Fuji
25%
Gailancheftrawol Great Wall of China
19%
Chonine Incheon
19%
Prate Petra
19%
Uralgebun Bengaluru
13%
Yidbrodciften Forbidden City
13%
Vemosenrettu Mount Everest
13%
Kongthwaa Angkor Wat
6%
Qannanisarumtee Tiananmen Square
0%
No matching quizzes found
Score Distribution
Percent of People with Each Score
Percentile by Number Answered
Your Score History
You have not taken this quiz